000 00382 a2200109 4500
100 1 _aMizin, I.A..
_eAutor
700 1 _aUrinson, L.S..
_eAutor
700 1 _aChramesin, G.K..
_eAutor
245 0 _aPeredaca informacii v setjach s kommutaciej soobscenij /
_cMizin I.A., Urinson L.S., Chramesin G.K..
710 2 _a"Svjaz' ".
_eWydawca
_4pbl
260 _aMoskva :
_b"Svjaz' ",
_c1972.
300 _a318 s.;
_c24 cm.
999 _c8260
_d8260